00269nam a2200109Ia 4500008004100000100002400041245003000065260002600095650001600121942000700137999001500144190216s9999||||xx |||||||||||||| ||und|| aFinney H A Miller E 0aPrinciples Of Accountancy bPentice Hall Of India aAccountancy cBK c3821d3821